000 00627nam a2200181Ia 4500
008 090124s9999 xx 000 0 und d
082 _b134184
_a104114
100 _aठाकूर अजित
245 _a इंडिया इन स्लो मोशन
250 _a1
260 _bटुली मार्क / राईट गिलियन
_c2006
300 _a314
600 _aठाकूर अजित
630 _a इंडिया इन स्लो मोशन
700 _aठाकूर अजित
730 _a इंडिया इन स्लो मोशन
942 _cBOOK
999 _c182041
_d182041